| 000 | 01042nac a22003257a 4500 | ||
|---|---|---|---|
| 001 | BR8303012 | ||
| 003 | BR-BrBNA | ||
| 005 | 20240105115741.0 | ||
| 008 | 230509b bl.|||m| |||| 00| 0 por d | ||
| 040 |
_aBR-BrBNA _bpor _cBiblioteca Nacional de Agricultura |
||
| 072 | _aF27; P12 | ||
| 090 | _a1440 BR8303012 | ||
| 100 | 1 | _aGuimaraes, C.M. | |
| 100 | 1 | _aWatt, E.E. | |
| 100 | 1 | _aAraujo, J.P.P. de | |
| 110 | 1 | _aCentro Nacional de Pesquisa em arroz e feijao, Goiania, GO (Brasil) | |
| 245 | 1 | _aIrrigacao do caupi em diferentes estadios de desenvolvimento e densidades de plantio [linhagem] | |
| 260 | 3 |
_aGoiania, GO (Brasil): _c1983. |
|
| 300 | _a3 p. | ||
| 490 |
_aPesquisa em Andamento - Centro Nacional de Pesquisa em Arroz e Feijao (Brazil) _vno. 42 _x |
||
| 650 | _aFEIJAO DE CORDA | ||
| 650 | _aDENSIDADE DE PLANTIO | ||
| 650 | _aPRODUTIVIDADE | ||
| 650 | _aAGUA | ||
| 650 | _aIRRIGACAO | ||
| 650 | _aPLUVIOMETRIA | ||
| 650 | _aGOIAS | ||
| 909 |
_a202312 _bLúcia Elande _c55 _dLúcia Elande |
||
| 942 |
_2AGRIS _n0 _cMS |
||
| 999 |
_c276224 _d276224 |
||